| 000 -ლიდერი |
| ფიქსირებული სიგრძის საკონტროლო ველი |
01502nam a2200253Ia 4500 |
| 001 - საკონტროლო ნომერი |
| საკონტროლო ველი |
17597 |
| 003 - საკონტროლო ნომრის იდენტიფიკატორი |
| საკონტროლო ველი |
GE_BSU |
| 005 - ბოლო ოპერაციის თარიღი და დრო |
| საკონტროლო ველი |
20200220112144.0 |
| 008 - ფიქსირებული სიგრძის მონაცემთა ელემენტები - ზოგადი ინფორმაცია |
| ფიქსირებული სიგრძის საკონტროლო ველი |
181216s2013ge xx |||||||||||||| ||geo|| |
| 020 ## - წიგნის საერთაშორისო სტანდარტული ნომერი |
| International Standard Book Number |
9789941931567 |
| 040 ## - კატალოგიზაციის წყარო |
| Transcribing agency |
GE_BSU |
| 041 ## - ენის კოდი |
| Language code of text/sound track or separate title |
geo |
| 080 ## - უნივერსალური ათობითი კლასიფიკაციის ინდექსი |
| Universal Decimal Classification number |
339.37(072) კ-64 |
| 100 ## - მთავარი ჩანაწერი - პიროვნების სახელი |
| Personal name |
კობალავა,მარინე. |
| 9 (RLIN) |
7206 |
| 245 ## - ცნობა სათაურის შესახებ |
| Title |
საცალო ვაჭრობა : RETAIL |
| Remainder of title |
დამხმრე სახელმძღვანელო / |
| Statement of responsibility, etc |
მარინე კობალავა ; რედ: ავთანდილ სილაგაძე ; ანზორ აბრალავა. |
| 264 ## - წარმოების, გამოცემის, დისტრიბუციის და სხვა ცნობები |
| გამოცემის, წარმოების, დისტრიბუციის... ადგილი |
თბილისი : |
| გამოცემის, წარმოების, დისტრიბუციის... სახელწოდება |
წიგნის სახელოსნო, |
| გამოცემის, წარმოების, დისტრიბუციის... თარიღი |
2013. |
| 300 ## - ფიზიკური აღწერა |
| Extent |
190 გვ ; |
| Other physical details |
ილ ; |
| Dimensions |
20 სმ. |
| 653 ## - INDEX TERM--UNCONTROLLED |
| Uncontrolled term |
ეკონომიკა |
| 653 ## - INDEX TERM--UNCONTROLLED |
| Uncontrolled term |
საცალო ვაჭრობა |
| 653 ## - INDEX TERM--UNCONTROLLED |
| Uncontrolled term |
სახელმძღვანელოში გაშუქებულია საცალო ვაჭრობის ძირეული საკითხები და განხილულია მისი სივცობრივი განვითარების კონცეპტუალური მახასიათებლები. |
| 700 ## - ADDED ENTRY--PERSONAL NAME |
| Personal name |
სილაგაძე, ვთანდილ |
| Relator term |
რედაქტორი |
| 9 (RLIN) |
7207 |
| 700 ## - ADDED ENTRY--PERSONAL NAME |
| Personal name |
აბრალავა, ანზორ |
| Relator term |
რედაქტორი |
| 9 (RLIN) |
5290 |
| 942 ## - ADDED ENTRY ELEMENTS (KOHA) |
| Koha item type |
წიგნი |
| Source of classification or shelving scheme |
|